LDR 01216nam a2200253 4500 001 000000367484 003 CaOOAMICUS 005 20260428104402.0 008 260428s2001 gw 000 u mul r 040 $aSeMil$bita 245 00$aDiplomata Regum Francorum e stirpe Merovingica. 246 01$aDie Urkunden der Merowinger 264 1$aHannover :$bHahnsche Buchhandlung,$c2001. 300 $av. ;$c30 cm 546 $aTesti in latino, regesti e commenti in tedesco 650 4$aFranchi - Storia - Fonti.$0(OLS)http://semarc/subject/2405 650 4$aMerovingi
- Storia - Fonti.$0(OLS)http://semarc/subject/55965 773 0 $tMonumenta Germaniae Historica.$dMünchen : Monumenta Germaniae Historica, 1978-$w()9162 774 0 $tErster teil.$dHannover : Hahnsche Buchhandlung, 2001.$z3-7752-5468-4$w()367485 774 0 $tZweiter teil.$dHannover : Hahnsche Buchhandlung, 2001.$z3-7752-5469-2$w()367486 996 $6245$aDiplomata Regum Francorum e stirpe Merovingica$9(OLS)http://semarc/title/459430 996 $6246$aDie Urkunden der Merowinger$9(OLS)http://semarc/title/459432 996 $6264$aHannover :$bHahnsche Buchhandlung$9(OLS)http://semarc/publisher/32294